Normal view MARC view
  • Wajid Zaman

Entry Personal Name

Number of records used in: 3

001 - CONTROL NUMBER

  • control field: 7519

003 - CONTROL NUMBER IDENTIFIER

  • control field: NUST

005 - DATE AND TIME OF LATEST TRANSACTION

  • control field: 20171222114114.0

008 - FIXED-LENGTH DATA ELEMENTS

  • fixed length control field: 171222|| aca||aabn | a|a d

040 ## - CATALOGING SOURCE

  • Original cataloging agency: NUST
  • Transcribing agency: NUST

100 ## - HEADING--PERSONAL NAME

  • Personal name: Wajid Zaman

670 ## - SOURCE DATA FOUND

  • Source citation: Work cat.: (NUST): Wajid Zaman, Analysis and design of electrically small printed monopole antenna
© 2023 Central Library, National University of Sciences and Technology. All Rights Reserved.